| 000 | 00382nam a2200157Ia 4500 | ||
|---|---|---|---|
| 008 | 230524s9999 xx 000 0 und d | ||
| 082 |
_a621.3814 _bRED |
||
| 100 | _aS.Rama Reddy | ||
| 245 | 0 | _aFundamentals of Power Electronics | |
| 250 | _a1ST | ||
| 260 |
_aNEW DELHI _bNarosa _c2002 |
||
| 300 | _aX;190 | ||
| 500 | _aQuantity Number: 2 | ||
| 650 | _aElectronics | ||
| 942 | _cBK | ||
| 999 |
_c13878 _d13878 |
||